[Event "CRO-ch U17"]
[Site "Bjelolasica"]
[Date "2009.08.01"]
[Round "9"]
[White "Matic, Antonio"]
[Black "Dubrovic, Mihovil"]
[Result "1/2-1/2"]
[WhiteElo "1591"]
[BlackElo "1753"]
[PlyCount "67"]
[EventDate "2009.07.26"]
[EventType "swiss"]
[EventRounds "9"]
[EventCountry "CRO"]
[SourceTitle "CBM 131 Extra"]
[Source "ChessBase"]
[SourceDate "2009.09.03"]
[SourceVersion "2"]
[SourceVersionDate "2009.09.16"]
[SourceQuality "1"]

1. e4 e5 2. Nf3 Nc6 3. Bc4 Bc5 4. d3 d6 5. h3 h6 6. Nc3 Nf6 7. a3 Bd7 8. Na4 Bb6 9. Nxb6 axb6 10. 0-0 g5 11. Nh2 Rg8 12. Ng4 Bxg4 13. hxg4 Qd7 14. f3 h5 15. Be3 h4 16. Kf2 0-0-0 17. d4 exd4 18. Bxd4 Nxd4 19. Qxd4 Rg6 20. Rad1 Qe7 21. a4 Nd7 22. b4 Ne5 23. a5 Nxc4 24. Qxc4 bxa5 25. bxa5 Qe6 26. Qb5 Qe5 27. Qxe5 dxe5 28. Rxd8+ Kxd8 29. Rd1+ Kc8 30. Rd5 Re6 31. Ke3 f6 32. c3 c6 33. Rd2 Kc7 34. c4 1/2-1/2

[Event "CRO-ch U17"]
[Site "Bjelolasica"]
[Date "2009.07.28"]
[Round "4"]
[White "Matic, Antonio"]
[Black "Pejic, Igor"]
[Result "0-1"]
[WhiteElo "1591"]
[BlackElo "1865"]
[PlyCount "86"]
[EventDate "2009.07.26"]
[EventType "swiss"]
[EventRounds "9"]
[EventCountry "CRO"]
[SourceTitle "CBM 131 Extra"]
[Source "ChessBase"]
[SourceDate "2009.09.03"]
[SourceVersion "2"]
[SourceVersionDate "2009.09.16"]
[SourceQuality "1"]

1. e4 c6 2. d4 d5 3. Nc3 dxe4 4. Nxe4 Bf5 5. Ng3 Bg6 6. h4 h6 7. Nf3 Nd7 8. h5 Bh7 9. Bd3 Bxd3 10. Qxd3 Qc7 11. Bd2 e6 12. 0-0-0 0-0-0 13. Kb1 Ngf6 14. Ne4 Nxe4 15. Qxe4 Nf6 16. Qe2 Rd5 17. Ne5 Rxd4 18. Bc3 Rd5 19. f4 Bd6 20. g4 Rd8 21. Rde1 Bc5 22. g5 Ng8 23. g6 fxg6 24. Nxg6 Re8 25. Qg4 Qf7 26. Ne5 Nf6 27. Qe2 Qc7 28. Qg2 Bd4 29. Bxd4 Rxd4 30. Ng6 Red8 31. Qh3 Qd7 32. b3 Kb8 33. Kb2 Re8 34. f5 exf5 35. Rxe8+ Nxe8 36. Re1 Rd1 37. Rxd1 Qxd1 38. Qxf5 Qd4+ 39. Kb1 Nf6 40. Qf3 a6 41. Ne7 Qg1+ 42. Kb2 Qg4 43. Qe3 Qe4 0-1

[Event "CRO-ch U17"]
[Site "Bjelolasica"]
[Date "2009.07.27"]
[Round "3"]
[White "Cupic, Lovro"]
[Black "Matic, Antonio"]
[Result "1/2-1/2"]
[WhiteElo "1968"]
[BlackElo "1591"]
[PlyCount "38"]
[EventDate "2009.07.26"]
[EventType "swiss"]
[EventRounds "9"]
[EventCountry "CRO"]
[SourceTitle "CBM 131 Extra"]
[Source "ChessBase"]
[SourceDate "2009.09.03"]
[SourceVersion "2"]
[SourceVersionDate "2009.09.16"]
[SourceQuality "1"]

1. e4 e6 2. d4 d5 3. Nd2 Nf6 4. e5 Nfd7 5. Bd3 c5 6. c3 Nc6 7. Ngf3 cxd4 8. cxd4 f6 9. exf6 Nxf6 10. Ne5 Bd6 11. Ndf3 Qc7 12. 0-0 0-0 13. Re1 Nb4 14. Bb1 Bd7 15. a3 Nc6 16. Qd3 Ne4 17. Ng5 Bxe5 18. dxe5 Nxe5 19. Qe2 Nxg5 1/2-1/2

[Event "CRO-ch U15"]
[Site "Novi Vinodolski"]
[Date "2009.06.21"]
[Round "2"]
[White "Blazeka, Matej"]
[Black "Matic, Antonio"]
[Result "1-0"]
[WhiteElo "2012"]
[BlackElo "1583"]
[PlyCount "115"]
[EventDate "2009.06.21"]
[EventType "swiss"]
[EventRounds "9"]
[EventCountry "CRO"]
[SourceTitle "EXT 2011"]
[Source "ChessBase"]
[SourceDate "2010.11.26"]
[SourceVersion "1"]
[SourceVersionDate "2010.11.26"]
[SourceQuality "1"]

1. e4 e6 2. d4 d5 3. Nd2 Nf6 4. Bd3 c5 5. exd5 exd5 6. dxc5 Bxc5 7. Nb3 Bb6 8. Nf3 0-0 9. 0-0 Bg4 10. c3 h6 11. Bf4 Nc6 12. Bc2 Qd7 13. Qd3 Rfe8 14. Rfe1 Bxf3 15. Qxf3 Qg4 16. Qxg4 Nxg4 17. Bg3 d4 18. c4 Nb4 19. Bf5 Nf6 20. c5 Bd8 21. Rxe8+ Nxe8 22. Nxd4 Bf6 23. Nf3 Bxb2 24. Rb1 Bc3 25. Rb3 Nd5 26. Rxb7 Nef6 27. Rb8+ Rxb8 28. Bxb8 a5 29. Be5 Bxe5 30. Nxe5 Nb4 31. a3 Na6 32. c6 Nd5 33. Nc4 a4 34. Bc2 Nc5 35. Nb2 Nb6 36. c7 Kf8 37. Nxa4 Ncxa4 38. Bxa4 Ke7 39. Bb3 f6 40. f3 Kd6 41. Kf2 Kxc7 42. Ke3 Kd6 43. Kf4 Nc8 44. a4 Ne7 45. a5 Kc5 46. a6 Kc6 47. Bc4 h5 48. Ke4 g5 49. f4 Nc8 50. fxg5 Nd6+ 51. Kf4 fxg5+ 52. Kxg5 Nxc4 53. Kxh5 Kb6 54. g4 Kxa6 55. g5 Ne5 56. g6 Kb6 57. g7 Nd7 58. Kg6 1-0

[Event "CRO-chT U20 16th"]
[Site "Sv Filip i Jakov"]
[Date "2007.04.12"]
[Round "5"]
[White "Matic, Antonio"]
[Black "Patarcic, Domagoj"]
[Result "0-1"]
[WhiteElo "1651"]
[BlackElo "2001"]
[PlyCount "106"]
[EventDate "2007.04.10"]
[EventType "team-tourn"]
[EventRounds "11"]
[EventCountry "CRO"]
[SourceTitle "EXT 2010"]
[Source "ChessBase"]
[SourceDate "2010.11.25"]
[SourceVersion "1"]
[SourceVersionDate "2010.11.25"]
[SourceQuality "1"]

1. e4 e6 2. d4 d5 3. Nc3 Bb4 4. exd5 exd5 5. Nf3 Nf6 6. Bg5 0-0 7. Be2 h6 8. Bh4 Be6 9. 0-0 c6 10. Qd3 Nbd7 11. Ne5 Qc7 12. Nxd7 Nxd7 13. Rfe1 Bd6 14. h3 Rfe8 15. Bh5 g5 16. Bg3 Bxg3 17. Qxg3 Qxg3 18. fxg3 Nf6 19. Bf3 Bf5 20. Rxe8+ Rxe8 21. Rc1 Kg7 22. Kf2 Ne4+ 23. Nxe4 Bxe4 24. Bxe4 Rxe4 25. c3 f5 26. Re1 f4 27. g4 Kf6 28. Re2 Ke6 29. Kf3 Rxe2 30. Kxe2 Kd6 31. b4 Kc7 32. Kd3 Kb6 33. a4 a6 34. Kc2 a5 35. Kd3 Ka6 36. Kc2 b5 37. Kb3 Kb6 38. Ka3 axb4+ 39. Kxb4 bxa4 40. Kxa4 c5 41. Kb3 cxd4 42. cxd4 Kb5 43. Kc3 Ka4 44. Kc2 Kb4 45. Kd3 Kb3 46. Ke2 Kc3 47. Kf3 Kxd4 48. g3 fxg3 49. Kxg3 Ke4 50. h4 d4 51. hxg5 hxg5 52. Kf2 Kd3 53. Kf3 Kc2 0-1

[Event "CRO-chT U20 16th"]
[Site "Sv Filip i Jakov"]
[Date "2007.04.10"]
[Round "1"]
[White "Petrusic, Toni"]
[Black "Matic, Antonio"]
[Result "1-0"]
[WhiteElo "1892"]
[BlackElo "1651"]
[PlyCount "89"]
[EventDate "2007.04.10"]
[EventType "team-tourn"]
[EventRounds "11"]
[EventCountry "CRO"]
[SourceTitle "EXT 2010"]
[Source "ChessBase"]
[SourceDate "2010.11.25"]
[SourceVersion "1"]
[SourceVersionDate "2010.11.25"]
[SourceQuality "1"]

1. e4 e5 2. Nf3 Nc6 3. Bc4 Bc5 4. c3 d6 5. a4 a6 6. d3 Bg4 7. Nbd2 Nf6 8. 0-0 0-0 9. Re1 Qd7 10. Nf1 Ne7 11. Be3 Bxe3 12. Nxe3 Be6 13. Qc2 Ng6 14. Rad1 Rfe8 15. d4 exd4 16. Nxd4 Bxc4 17. Nxc4 Ne5 18. Nxe5 Rxe5 19. f3 Rae8 20. c4 Nh5 21. Nf5 Nf4 22. Qd2 Ng6 23. b3 Qc6 24. h4 Ne7 25. Nd4 Qb6 26. Kh2 Rh5 27. g3 Ng6 28. Kg2 Rhe5 29. Qb2 Ne7 30. f4 Rc5 31. Qc3 a5 32. Rd2 Qb4 33. Qb2 f6 34. Ne6 Rc6 35. Rde2 Ng6 36. Nd4 Rc5 37. Nf5 Qb6 38. h5 Ne7 39. h6 Nxf5 40. exf5 Rxe2+ 41. Qxe2 Qc6+ 42. Kh2 Rxf5 43. Qe6+ Kf8 44. Qe7+ Kg8 45. Qxg7# 1-0

[Event "CRO-chT U20 15th"]
[Site "Sv Filip i Jakov"]
[Date "2006.04.23"]
[Round "9"]
[White "Vrsek, Ivan"]
[Black "Matic, Antonio"]
[Result "1-0"]
[WhiteElo "2095"]
[BlackElo "1670"]
[PlyCount "111"]
[EventDate "2006.04.18"]
[EventType "team-tourn"]
[EventRounds "9"]
[EventCountry "CRO"]
[SourceTitle "CBM 111 Extra"]
[Source "ChessBase"]
[SourceDate "2006.05.09"]
[SourceVersion "1"]
[SourceVersionDate "2006.05.09"]
[SourceQuality "1"]

1. d4 d5 2. c4 Nf6 3. cxd5 Nxd5 4. e4 Nf6 5. Nc3 e6 6. Nf3 Nc6 7. Bb5 Bd7 8. 0-0 Be7 9. a3 0-0 10. Qd3 Nb8 11. Bc4 c6 12. Bg5 Ne8 13. Be3 Nd6 14. Bb3 Re8 15. Bc2 g6 16. Rad1 Qc7 17. Bf4 Qb6 18. d5 cxd5 19. exd5 Nf5 20. dxe6 Bxe6 21. Qb5 Qxb5 22. Nxb5 Na6 23. Rfe1 Ng7 24. Be4 Rad8 25. b4 Nb8 26. Bxb7 a6 27. Nc7 Rf8 28. Nxe6 Nxe6 29. Bxb8 Rxb8 30. Bd5 Rb6 31. Kf1 Bf6 32. Bxe6 fxe6 33. Ne5 Rb5 34. Nd7 Rf7 35. Rxe6 Bg7 36. Re8+ Bf8 37. Rxf8+ Rxf8 38. Nxf8 Kxf8 39. Rd8+ Kg7 40. Ra8 Rb6 41. Ke2 Rd6 42. Ke3 Kf6 43. Ke4 h5 44. h4 Re6+ 45. Kd5 Re5+ 46. Kc6 Re6+ 47. Kb7 Re7+ 48. Kxa6 Re2 49. a4 Kf7 50. b5 Rxf2 51. b6 Rxg2 52. b7 Rg4 53. Kb5 Rxh4 54. b8Q Rh1 55. Qf8+ Ke6 56. Re8+ 1-0

[Event "CRO-chT U20 15th"]
[Site "Sv Filip i Jakov"]
[Date "2006.04.18"]
[Round "1"]
[White "Matic, Antonio"]
[Black "Dubrovic, Mihovil"]
[Result "1/2-1/2"]
[WhiteElo "1670"]
[BlackElo "1689"]
[PlyCount "115"]
[EventDate "2006.04.18"]
[EventType "team-tourn"]
[EventRounds "9"]
[EventCountry "CRO"]
[SourceTitle "CBM 111 Extra"]
[Source "ChessBase"]
[SourceDate "2006.05.09"]
[SourceVersion "1"]
[SourceVersionDate "2006.05.09"]
[SourceQuality "1"]

1. e4 e5 2. Nf3 Nc6 3. Nc3 Bc5 4. Be2 Nf6 5. d3 h6 6. Bd2 d6 7. Qc1 Be6 8. Be3 Bb6 9. Bxb6 axb6 10. 0-0 Bg4 11. Qd1 Bxf3 12. Bxf3 Nd4 13. a3 Qd7 14. g3 Nxf3+ 15. Qxf3 c6 16. Rfe1 0-0 17. Rad1 Qg4 18. Qxg4 Nxg4 19. f3 Nf6 20. d4 Rad8 21. Rd2 exd4 22. Rxd4 d5 23. exd5 Nxd5 24. Nxd5 Rxd5 25. Rxd5 cxd5 26. Re7 Rc8 27. Rxb7 Rxc2 28. Rxb6 d4 29. Rd6 Rxb2 30. Rxd4 Rb3 31. Kg2 Rxa3 32. Rd2 g6 33. g4 Ra5 34. Kg3 h5 35. h3 hxg4 36. hxg4 Kg7 37. Rd7 Ra3 38. Rc7 Rb3 39. Kf4 Rb4+ 40. Kg3 Rb3 41. Rd7 Ra3 42. Rc7 Rb3 43. Ra7 Rc3 44. Rb7 Ra3 45. Kf4 Ra4+ 46. Kg3 Ra3 47. Rb4 g5 48. Rb5 f6 49. Rb7+ Kg6 50. Rb8 Rc3 51. Rg8+ Kh7 52. Rf8 Kg7 53. Rb8 Kg6 54. Rg8+ Kh7 55. Rb8 Kg6 56. Rb7 Rc2 57. Rd7 Rc3 58. Rb7 1/2-1/2